Name All X-Men Movies - Statistics

General Stats
  • This quiz has been taken 70 times
  • The average score is 12 of 14
Answer Stats
Release Year Answer % Correct
2000 X-Men
100%
2016 Deadpool
94%
2018 Deadpool 2
94%
2016 X-Men: Apocalypse
94%
2024 Deadpool & Wolverine
92%
2019 X-Men: Dark Phoenix
92%
2014 X-Men: Days of Future Past
92%
2009 X-Men Origins: Wolverine
92%
2006 X-Men: The Last Stand
90%
2003 X2
88%
2017 Logan
86%
2011 X: First Class
80%
2013 The Wolverine
76%
2020 The New Mutants
74%
No matching quizzes found
Score Distribution
Percent of People with Each Score
Percentile by Number Answered
Your Score History
You have not taken this quiz